MARC

LEADER 00000nam0a2200000 4500
001 354147
005 20231102010649.0
035 |a (RuTPU)RU\TPU\retro\11405 
090 |a 354147 
100 |a 20200617d1979 m y0rusy50 ca 
101 0 |a rus 
102 |a RU 
105 |a a z 000zy 
200 1 |a Здоровье - всему голова  |f С. Я. Чикин 
210 |a Москва  |c Советская Россия  |d 1979 
215 |a 176 с.  |c ил. 
606 1 |a Здоровье  |2 stltpush  |3 (RuTPU)RU\TPU\subj\11669  |9 38585 
610 1 |a физическое развитие 
610 1 |a социальная среда 
610 1 |a режим 
610 1 |a физическая культура 
610 1 |a отдых 
675 |a 613.4  |v 4 
700 1 |a Чикин  |b С. Я.  |g Семен Яковлевич 
801 1 |a RU  |b 63413507  |c 20200617 
801 2 |a RU  |b 63413507  |c 20220118  |g RCR 
942 |c BK